| 000 -ლიდერი |
| ფიქსირებული სიგრძის საკონტროლო ველი |
01054nam a22002057a 4500 |
| 003 - საკონტროლო ნომრის იდენტიფიკატორი |
| საკონტროლო ველი |
Ge_BSU |
| 005 - ბოლო ოპერაციის თარიღი და დრო |
| საკონტროლო ველი |
20201124141354.0 |
| 008 - ფიქსირებული სიგრძის მონაცემთა ელემენტები - ზოგადი ინფორმაცია |
| ფიქსირებული სიგრძის საკონტროლო ველი |
201124s1994 ge ||||| |||| 00| 0 geo d |
| 041 ## - ენის კოდი |
| Language code of text/sound track or separate title |
geo |
| 080 ## - უნივერსალური ათობითი კლასიფიკაციის ინდექსი |
| Universal Decimal Classification number |
811.124+61(014) გ-24 |
| 100 ## - მთავარი ჩანაწერი - პიროვნების სახელი |
| Personal name |
გაფრინდაშვილი, ნოდარ |
| 9 (RLIN) |
9753 |
| 245 ## - ცნობა სათაურის შესახებ |
| Title |
ლათინური ენა და სამედიცინო ტერმინოლოგიის საფუძვლები / |
| Statement of responsibility, etc |
ნოდარ გაფრინდაშვილი, ია კახიანი; [რედ.: ზურაბ კაციტაძე]. |
| 264 ## - წარმოების, გამოცემის, დისტრიბუციის და სხვა ცნობები |
| გამოცემის, წარმოების, დისტრიბუციის... ადგილი |
ქუთაისი : |
| გამოცემის, წარმოების, დისტრიბუციის... სახელწოდება |
მედიცინა, |
| გამოცემის, წარმოების, დისტრიბუციის... თარიღი |
1994. |
| 300 ## - ფიზიკური აღწერა |
| Extent |
211 გვ. ; |
| Other physical details |
20 სმ. |
| 653 ## - INDEX TERM--UNCONTROLLED |
| Uncontrolled term |
ლათინური ენა |
| 653 ## - INDEX TERM--UNCONTROLLED |
| Uncontrolled term |
სამედიცინო ტერმინოლოგია |
| 700 ## - ADDED ENTRY--PERSONAL NAME |
| Personal name |
კახიანი, ია |
| Relator term |
რედაქტორი |
| 9 (RLIN) |
9754 |
| 700 ## - ADDED ENTRY--PERSONAL NAME |
| Personal name |
კაციტაძე, ზურაბ |
| Relator term |
რედაქტორი |
| 9 (RLIN) |
9755 |
| 942 ## - ADDED ENTRY ELEMENTS (KOHA) |
| Source of classification or shelving scheme |
|
| Koha item type |
წიგნი |